000 00751nam a2200241Ii 4500
003 JO-AjNU
008 230605s9999||||xx |||||||||||||| ||und||
017 _a2003/19876
020 _a977-305-626-0
040 _aJO-AjNU
_bara
_erda
_cJO-AjNU
041 _aara
050 1 4 _aPJ7862.S41 2003
100 3 _aتأليف شلبي،خيري,
_eauthor
_918188
245 0 0 _aأشياء تخصنا: قصص
250 _aط1
264 3 1 _aالقاهرة: الشركة الدولية للطباعة والنشر،2003
300 _a228ص
336 _atext
_btxt
_2rdacontent
337 _aunmediated
_bn
_2rdamedia
338 _avolume
_bnc
_2rdacarrier
490 0 _aسلسلة أصوات أدبية
650 4 _aالأدب العربي - قصص
_918189
999 _aA5769
_c9337
_d9337